|
|
|
|
| LEADER |
00000nam0a2200000 4500 |
| 001 |
338595 |
| 005 |
20231102005049.0 |
| 035 |
|
|
|a (RuTPU)RU\TPU\book\365097
|
| 090 |
|
|
|a 338595
|
| 100 |
|
|
|a 20171128d1889 k y0rusy50 ca
|
| 101 |
0 |
|
|a rus
|
| 102 |
|
|
|a RU
|
| 105 |
|
|
|a a z 001zy
|
| 200 |
1 |
|
|a Современное положение русской нефтяной промышленност и нефтяного экспорта
|e доклад, читанный 1 и 8 февраля 1889 г. в Обществе для содействия русской промышленности и торговле, при участии членов Императорского Русского технического общества, с приложениями к нему
|f М. И. Лазарев
|
| 210 |
|
|
|a Санкт-Петербург
|c Типография И. Н. Скороходова
|d 1889
|
| 215 |
|
|
|a 142 с.
|c ил.
|
| 317 |
|
|
|5 63413507: 42//324
|a Поступила в 1900 году в составе книжного собрания С. Н. Кулибина
|
| 320 |
|
|
|a Приложения в конце книги
|
| 606 |
1 |
|
|a Нефтяное дело
|2 stltpush
|3 (RuTPU)RU\TPU\subj\33714
|9 55870
|
| 610 |
1 |
|
|a нефтяная промышленность
|
| 610 |
1 |
|
|a нефтяной экспорт
|
| 610 |
1 |
|
|a нефтедобыча
|
| 610 |
1 |
|
|a нефтяное производство
|
| 610 |
1 |
|
|a нефтяной бизнес
|
| 610 |
1 |
|
|a нефтепроводы
|
| 610 |
1 |
|
|a нефтепродукты
|
| 610 |
1 |
|
|a библиотека С. Н. Кулибина
|
| 675 |
|
|
|a 665.6
|v 4
|
| 700 |
|
1 |
|a Лазарев
|b М. И.
|
| 801 |
|
1 |
|a RU
|b 63413507
|c 20171128
|
| 942 |
|
|
|c BK
|